Students guide to Income tax (Record no. 5705)

MARC details
000 -LEADER
fixed length control field 00558cam a2200205ua 4500
008 - FIXED-LENGTH DATA ELEMENTS--GENERAL INFORMATION
fixed length control field 140703n ii |||gr||||Z||||||eng
020 ## - INTERNATIONAL STANDARD BOOK NUMBER
International Standard Book Number 978-81-7194-735-5
040 ## - CATALOGING SOURCE
Transcribing agency MAIN
082 ## - DEWEY DECIMAL CLASSIFICATION NUMBER
Classification number 336.24
245 ## - TITLE STATEMENT
Title Students guide to Income tax
Statement of responsibility, etc. By Vinod K. Singhania
250 ## - EDITION STATEMENT
Edition statement 43rd ed.
260 ## - PUBLICATION, DISTRIBUTION, ETC.
Place of publication, distribution, etc. New delhi:
Name of publisher, distributor, etc. Taxmann publications,
Date of publication, distribution, etc. 2010.
300 ## - PHYSICAL DESCRIPTION
Extent xv,967p.
700 ## - ADDED ENTRY--PERSONAL NAME
Personal name Singhania,Vinod K.,
Relator term
700 ## - ADDED ENTRY--PERSONAL NAME
Personal name Singhania,Monica,
Relator term
942 ## - ADDED ENTRY ELEMENTS (KOHA)
Koha item type Books
653 ## - INDEX TERM--UNCONTROLLED
Uncontrolled term Public finance
653 ## - INDEX TERM--UNCONTROLLED
Uncontrolled term Students guide to Income tax
Holdings
Withdrawn status Lost status Damaged status Not for loan Home library Current library Shelving location Date acquired Total Checkouts Full call number Barcode Date last seen Date last checked out Copy number Price effective from Koha item type
        Naharkatiya College Library Naharkatiya College Library General Stacks 19/09/2020 4 336.24 | SIN 19956 05/02/2024 24/01/2024 1 19/09/2020 Books

Naharkatiya College © 2020. All rights reserved.

Powered By